000 00772nam a22002297a 4500
001 86841
003 UA-OsUOA
005 20220530210009.0
007 ta
008 20120911b un ||||| |||| 00| 0 ukr d
040 _aUA-OsUOA
_brus
_cUA-OsUOA
_dUA-OsUOA
041 _arus
080 _a94(47+57)"1941/1945"
090 _a94(47+57)"1941/1945"
_bР13
245 _aРабота партийных организаций в период Великой Отечественной войны 1941-1945 годов
_bдокументы и материалы в двух томах
_cКапитонов И. В.
260 _aМ.
_bПравда
_c1982
300 _a648 с.
505 _gт. 1
650 7 _a94 Історія Росії
_2UDC
942 _cBK
_2udc
955 _a1
999 _c373010
_d373010